Central Library OPAC University of Rajshahi

Complex organizations : (Record no. 2849)

MARC details
000 -LEADER
fixed length control field 00839cam a22002651 4500
001 - CONTROL NUMBER
control field 2849
003 - CONTROL NUMBER IDENTIFIER
rucl marc code BD-RjUL
005 - DATE AND TIME OF LATEST TRANSACTION
control field 20211208233629.0
008 - FIXED-LENGTH DATA ELEMENTS--GENERAL INFORMATION
fixed length control field 131217s1961 nyua 001 0 eng
035 ## - SYSTEM CONTROL NUMBER
System control number (BD-RjUL)2876
System control number (OCoLC)255025
040 ## - CATALOGING SOURCE
Original cataloging agency DLC
Transcribing agency ODaWU
Modifying agency OCoLC
-- Uk
-- DLC
-- BD-RjUL
Language of cataloging eng
041 ## - LANGUAGE CODE
Language code of text/sound track or separate title eng
082 00 - DEWEY DECIMAL CLASSIFICATION NUMBER
Classification number 301.151
Author mark and year ETC 1961
100 1# - MAIN ENTRY--PERSONAL NAME
Personal name Etzioni, Amitai,
9 (RLIN) 5201
245 10 - TITLE STATEMENT
Title Complex organizations :
Remainder of title a sociological reader /
Statement of responsibility, etc. Amitai Etzioni.
260 ## - PUBLICATION, DISTRIBUTION, ETC. (IMPRINT)
Place of publication, distribution, etc. New York :
Name of publisher, distributor, etc. Holt, Rinehart and Winston,
Date of publication, distribution, etc. c1961 [Reprinted 1966]
300 ## - PHYSICAL DESCRIPTION
Pagination 497 p. :
Illustrations illus. ;
Size 22 cm.
500 ## - GENERAL NOTE
General note Second ed. published in 1969 under title: A sociological reader on complex organizations.
504 ## - BIBLIOGRAPHY, ETC. NOTE
Bibliography, etc Includes index.
650 #0 - SUBJECT ADDED ENTRY--TOPICAL TERM
Topical term or geographic name as entry element Organization.
9 (RLIN) 9141
942 ## - ADDED ENTRY ELEMENTS (KOHA)
Source of classification or shelving scheme Dewey Decimal Classification
Koha item type Books
Holdings
Lost status Source of classification or shelving scheme Damaged status Not for loan Collection code Permanent Location Current Location Shelving location Date acquired Source of acquisition Cost, normal purchase price Total Checkouts Full call number Date last seen Copy number Koha item type
  Dewey Decimal Classification     Non-fiction Central Library, University of Rajshahi Central Library, University of Rajshahi   24/09/1968 Zeitlinger 88.00   301.151 ETC 1961 17/12/2013 C-3 Books
  Dewey Decimal Classification     Non-fiction Central Library, University of Rajshahi Central Library, University of Rajshahi   01/04/1968 EUro pak 51.00   301.151 ETC 1966 30/04/2014 C-2 Books
  Dewey Decimal Classification     Non-fiction Central Library, University of Rajshahi Central Library, University of Rajshahi   01/04/1968 Euro-Pak. 51.00   301.151 ETC 1966 30/04/2014 C-4 Books
  Dewey Decimal Classification   Not For Loan Non-fiction Central Library, University of Rajshahi Central Library, University of Rajshahi Reading Room 02/02/1962 Miza book agency 33.75   301.151 ETC 1961 30/04/2014 C-1 Books
  Dewey Decimal Classification     Non-fiction Central Library, University of Rajshahi Central Library, University of Rajshahi   19/10/1968 Zeetlinger 50.00   301.151 ETC 1961 30/07/2016 C-5 Books